Ehemalige Länder anhand ihrer Territorienumrisse - Statistiken

Allgemein
  • Dieses Quiz wurde 383 mal gespielt
  • Das Durchschnittsergebnis liegt bei 12 aus 18
Antwortstatistiken
Bildquiz Hint Antwort % Korrekt
117 n.Chr. Römisches Reich
91%
1989 Jugoslawien
90%
1870 (blau) Preußen
89%
1989 Sowjetunion
89%
1914 Österreich-Ungarn
87%
1683 Osmanisches Reich
83%
1989 Tschechoslowakei
83%
1800 Spanisches Reich
82%
1279 Mongolisches Reich
78%
1200 Heiliges Römisches Reich
72%
500 v.Chr. Achämenidenreich / Altpersisches Reich
66%
1789 Venetianische Republik
54%
1500 Inka-Reich
53%
850 Abbasiden
52%
814 Fränkisches Reich
49%
323 n.Chr. Mazedonisches Reich
29%
550 n.Chr. Neobabylonisches Reich
20%
1700 Mogulreich
17%
Keine übereinstimmenden Quizze gefunden
Verteilung der Resultate
Anzahl Personen mit jedem Resultat
Perzentil nach korrekt beantworteten Fragen
Ihre Resultats-Entwicklung
Sie haben dieses Quiz noch nicht gespielt